| 000 | 00659 a2200217 4500 | ||
|---|---|---|---|
| 003 | Nust | ||
| 005 | 20170207154044.0 | ||
| 010 | _a 2004095632 | ||
| 020 | _a0672327260 (pbk.) | ||
| 035 | _a(OCoLC)ocm62871522 | ||
| 040 | _cNust | ||
| 082 | 0 | 4 | _a005.446 |
| 100 | 1 | _aMcCallister, Michael. | |
| 245 | 1 | 0 |
_aSUSE Linux 10 unleashed(E-BOOK) _cMichael McCallister. |
| 260 |
_aIndianapolis, Ind. : _bSams, _cc2006. |
||
| 300 |
_axx, 647 p. : _bill. ; _c24 cm. + _e1 DVD-ROM (4 3/4 in.) |
||
| 500 | _aIncludes index. | ||
| 650 | 0 | _aOperating systems (Computers) | |
| 651 | _aE-BOOK | ||
| 856 | 4 | 1 |
_3Table of contents _uhttp://www.loc.gov/catdir/toc/fy0607/2004095632.html |
| 942 |
_2ddc _cBK |
||
| 999 |
_c192788 _d192788 |
||